000 00566nam a2200181 i 4500
001 104214
003 ES-MaACL
005 20250827062546.0
007 t|
008 051125s1983 sp ||||1| spa d
100 1 _aMiguel, Amando de.
_981000
245 1 0 _aEnsayo sobre la población de México /
_cAmando de Miguel.
260 _aMadrid :
_bCentro de Investigaciones Sociológicas,
_c1983.
300 _a216 p. ;
_c20 cm.
710 2 _aCentro de Investigaciones Sociológicas (España)
_92708
852 _aES-MaACL
_jL-5623
_bR.106213
999 _c104214
_d104214